| 000 | 00549nam a2200181 a 4500 | ||
|---|---|---|---|
| 001 | 5975 | ||
| 003 | CDMR | ||
| 005 | 20130328121354.0 | ||
| 008 | 130220s2011||||||||||||||||||||||||||||d | ||
| 020 | _a9788497434355 | ||
| 040 |
_aCDMR _bcat _cCDMR |
||
| 100 | 1 |
_aColl Gilabert, Antonio _9506 |
|
| 245 | 1 | 0 |
_aMis seis diarios _b: memoria de cuarenta años de periodismo _cAntonio Coll Gilabert ; prólogo de Carles Sentís |
| 260 |
_aLleida _bMilenio _c2011 |
||
| 300 |
_a140 p ; _c17 cm |
||
| 650 |
_aPeriodistes catalans _vBiografies _94 |
||
| 942 |
_cMON _2udc |
||
| 999 |
_c5975 _d5975 |
||